1945年から1953年までに合併で消滅した町 - Statistics

General Stats
  • This quiz has been taken 8 times
  • The average score is 54 of 98
Answer Stats
消滅年月日 市町村名 都道府県 合併/分割後の市町村 % Correct
1946/11/01 北河内郡守口町 大阪府 守口市
83%
1947/03/15 板野郡撫養町 徳島県 鳴南市
83%
1947/03/15 板野郡鳴門町 徳島県 鳴南市
83%
1948/04/01 中河内郡八尾町 大阪府 八尾市
83%
1948/04/01 児島郡児島町 岡山県 児島市
83%
1951/03/01 久世郡宇治町 京都府 宇治市
83%
1951/03/15 香取郡香取町 千葉県 佐原市
83%
1951/03/15 香取郡佐原町 千葉県 佐原市
83%
1951/04/01 土岐郡瑞浪町 岐阜県 土岐郡瑞浪土岐町
83%
1951/04/01 土岐郡土岐町 岐阜県 土岐郡瑞浪土岐町
83%
1952/04/01 気仙郡大船渡町 岩手県 大船渡市
83%
1952/04/01 気仙郡盛町 岩手県 大船渡市
83%
1953/04/01 後月郡井原町 岡山県 井原市
83%
1953/06/01 本吉郡気仙沼町 宮城県 気仙沼市
83%
1947/04/01 鎌倉郡片瀬町 神奈川県 藤沢市
67%
1948/04/01 西磐井郡一関町 岩手県 一関市
67%
1948/04/01 北足立郡志紀町 埼玉県 志木町ほか三村
67%
1948/04/05 碧海郡新川町 愛知県 碧南市
67%
1950/01/01 南那珂郡飫肥町 宮崎県 日南市
67%
1950/01/01 南那珂郡油津町 宮崎県 日南市
67%
1950/04/01 武庫郡御影町 兵庫県 神戸市東灘区
67%
1950/04/01 武庫郡魚崎町 兵庫県 神戸市東灘区
67%
1951/03/20 南都留郡下吉田町 山梨県 富士吉田市
67%
1951/04/01 東葛飾郡流山町 千葉県 東葛飾郡江戸川町
67%
1951/04/01 恵那郡中津町 岐阜県 恵那郡中津川町
67%
1951/04/01 揖保郡斑鳩町 兵庫県 揖保郡太子町
67%
1951/04/01 和気郡片上町 岡山県 和気郡備前町
67%
1952/04/01 小田郡笠岡町 岡山県 笠岡市
67%
1953/04/01 英田郡林野町 岡山県 英田郡美作町
67%
1953/04/01 後月郡高屋町 岡山県 井原市
67%
1953/10/01 東伯郡倉吉町 鳥取県 倉吉市
67%
1953/10/01 都濃郡福川町 山口県 都濃郡南陽町
67%
1953/11/03 新治郡高浜町 茨城県 新治郡石岡町
67%
1946/03/01 飾磨郡広畑町 兵庫県 姫路市
50%
1946/06/01 岩船郡村上本町 新潟県 岩船郡村上町
50%
1946/12/01 秩父郡美野町 埼玉県 秩父郡皆野町ほか五村
50%
1947/02/11 生駒郡龍田町 奈良県 生駒郡斑鳩町
50%
1947/03/10 信夫郡瀬上町 福島県 福島市
50%
1947/03/15 板野郡瀬戸町 徳島県 鳴南市
50%
1948/04/01 児島郡味野町 岡山県 児島市
50%
1948/04/01 児島郡下津井町 岡山県 児島市
50%
1948/04/05 碧海郡大浜町 愛知県 碧南市
50%
1948/04/05 碧海郡棚尾町 愛知県 碧南市
50%
1948/06/01 鎌倉郡大船町 神奈川県 鎌倉市
50%
1949/10/10 釧路郡鳥取町 北海道 釧路市
50%
1950/06/10 吉城郡船津町 岐阜県 吉城郡神岡町
50%
1951/01/10 明石郡大久保町 兵庫県 明石市
50%
1951/01/10 加古郡二見町 兵庫県 明石市
50%
1951/03/01 宇治郡東宇治町 京都府 宇治市
50%
1951/03/20 南都留郡明見町 山梨県 富士吉田市
50%
1951/03/20 南都留郡富士上吉田町 山梨県 富士吉田市
50%
1951/04/01 双葉郡新山町 福島県 双葉郡標葉町
50%
1951/04/01 土岐郡笠原町 岐阜県 多治見市
50%
1951/04/01 恵那郡苗木町 岐阜県 恵那郡中津川町
50%
1951/04/01 加佐郡河守町 京都府 加佐郡大江町
50%
1951/04/01 和気郡伊部町 岡山県 和気郡備前町
50%
1951/04/01 那珂郡立江町 徳島県 勝浦郡小松島町
50%
1951/04/01 小豆郡草壁町 香川県 小豆郡内海町
50%
1951/04/01 山門郡柳河町 福岡県 山門郡柳川町
50%
1951/09/01 赤穂郡坂越町 兵庫県 赤穂市
50%
1951/10/01 加古郡別府町 兵庫県 加古川市
50%
1952/04/01 東礪波郡出町 富山県 東礪波郡礪波町
50%
1952/04/01 小田郡金浦町 岡山県 笠岡市
50%
1952/09/15 大島郡小松町 山口県 大島郡大島町
50%
1953/02/11 浅口郡長尾町 岡山県 玉島市
50%
1953/04/01 足利郡山辺町 栃木県 足利市
50%
1953/04/01 引佐郡金指町 静岡県 引佐郡引佐町
50%
1953/04/01 御津郡金川町 岡山県 御津郡御津町
50%
1953/04/01 後月郡西江原町 岡山県 井原市
50%
1953/05/01 御調郡三庄町 広島県 因島市
50%
1953/06/01 本吉郡鹿折町 宮城県 気仙沼市
50%
1953/06/01 日野郡江尾町 鳥取県 日野郡江府町
50%
1953/06/01 児島郡福田町 岡山県 倉敷市
50%
1953/06/01 浅口郡連島町 岡山県 倉敷市
50%
1953/09/01 英田郡江見町 岡山県 英田郡作東町
50%
1953/09/01 英田郡土居町 岡山県 英田郡作東町
50%
1953/10/01 東伯郡上井町 鳥取県 倉吉市
50%
1953/10/01 上房郡呰部町 岡山県 上房郡北房町
50%
1953/10/01 都濃郡富田町 山口県 都濃郡南陽町
50%
1946/03/01 飾磨郡白浜町 兵庫県 姫路市
33%
1946/03/01 揖保郡網干町 兵庫県 姫路市
33%
1946/11/01 北河内郡三郷町 大阪府 守口市
33%
1947/03/01 有馬郡有馬町 兵庫県 神戸市兵庫区
33%
1948/04/01 西磐井郡山目町 岩手県 一関市
33%
1948/04/01 中河内郡龍華町 大阪府 八尾市
33%
1950/01/01 南那珂郡吾田町 宮崎県 日南市
33%
1951/04/01 浮羽郡御幸町 福岡県 浮羽郡浮羽町
33%
1951/04/01 東臼杵郡富島町 宮崎県 日向市
33%
1952/04/01 吉備郡箭田町 岡山県 吉備郡真備町
33%
1953/01/01 浅口郡西阿知町 岡山県 倉敷市
33%
1953/04/01 東伯郡東郷松崎町 鳥取県 東伯郡東郷町
33%
1953/04/01 和気郡本荘町 岡山県 和気郡和気町
33%
1953/04/01 勝田郡湯郷町 岡山県 英田郡美作町
33%
1953/04/01 浅口郡黒崎町 岡山県 玉島市
33%
1953/04/01 沼隈郡今津町 広島県 沼隈郡松永町
33%
1953/05/01 御調郡田熊町 広島県 因島市
33%
1953/05/01 御調郡土生町 広島県 因島市
33%
1953/08/01 千葉郡二宮町 千葉県 船橋市
33%
No matching quizzes found
Score Distribution
Percent of People with Each Score
Percentile by Number Answered
Your Score History
You have not taken this quiz